000 00940nam a2200277 i 4500
001 8255
003 KOSZ 005
005 20191002090802.0
008 071102s1967 pl a f f 000 0 pol
015 _aPB 1967/2748
040 _aWA N
_cKOSZ 005/RW
_dKOSZ 005/RW
080 _a621.3
100 1 _aNieciejowski, Eugeniusz.
_eAutor.
245 1 0 _aPodstawy elektrotechniki /
_cEugeniusz Nieciejowski.
260 _aWarszawa :
_bWydawnictwa Naukowo-Techniczne,
_c1967.
300 _a361, [2] s. :
_bil. ;
_c23 cm.
380 _aKsiążki.
490 1 _aBiblioteka Montera Elektryka.
504 _aBibliogr. s. [363].
650 4 _aElektrotechnika
655 4 _aPodręcznik
710 2 _aWydawnictwa Naukowo-Techniczne
_4pbl.
830 0 _aBME Biblioteka Montera Elektryka.
856 _uhttp://koha.tu.koszalin.pl/cgi-bin/koha/opac-detail.pl?biblionumber=8255
_yKatalog online BPK
942 _2UKD
_cKS
999 _c8255
_d8255